000 01000nam a2200265Ia 4500
005 20220317001044.0
008 160825s2007 sp a g 000 0 spa
020 _a97884342098012
082 0 4 _a741.235
_bG65c
100 1 _aOlmedo, Salvador G.
245 1 0 _aCómo pintar al pastel
_cSalvador González Olmedo
250 _a12a. edición
300 _a127 páginas
_bilustraciones en color, fotos
_c27 cm
490 _aAprender haciendo
505 _aEl pastel en la historia de la pintura -- Materiales -- Conceptos generales -- El pastel en la práctica -- Consejos útiles -- Maestrso pastelistas
650 1 4 _2LEMB
_aDibujo al pastel
_xEnseñanza
650 1 4 _2LEMB
_aPintura de retratos
_xEnseñanza
650 1 4 _2LEMB
_aPintura de figuras
_xEnseñanza
942 _2ddc
_cBK
264 _aBarcelona
_bParramón
_c2007
336 _atexto
_btxt
_2rdacontent
337 _asin mediación
_bn
_2rdamedia
338 _avolumen
_bnc
_2rdacarrier
040 _aCO-BoRNBP
_bspa
_erda
_cCO-BoRNBP
999 _c5806
_d5806